00000000nas##2200000za#4500
0019.509371
003CaOODSP
00520210615082516
007ta
008150406c1991||||xxc|| m #||||f|   |0fre|d
022 |a0706-6473
040 |aCaOODSP|bfre
041 |aeng
041 |afre
043 |an-cn---
0861 |aFs97-4
1101 |aCanada. |bMinistère des pêches et des océans.
24510|aRapport manuscrit canadien des sciences halieutiques et aquatiques
260 |aOttawa - Ontario : |bPêches et Océans Canada
310 |aIrrégulier
500 |a«Les demandes de rapports seron satisfaites par l'établissement d'origine dont le nom figure sur la couverture et la page du titre. Les rapports épuisés seront fournis contre rétribution par des agents commerciaux.»--Verso de la couverture.
5203 |aRenferme des renseignements scientifiques et techniques qui enrichissent les connaissances actuelles, mais qui traitent de problèmes nationaux ou régionaux. La distribution en est limitée aux organismes et aux personnes de régions particulières du Canada. Les sujets abordés reflètent les intérêts et les politiques du ministère des Pêches et des Océans.
546 |a(Abstract in English.)
7760#|tCanadian manuscript report of fisheries and aquatic sciences |w(CaOODSP)9.500265
791 |tCanadian manuscript report of fisheries and aquatic sciences |eeng|w(CaOODSP)9.509370